[Event "17. Obert Int. Sant Marti 2015"]
[Site "Barcelona ESP"]
[Date "2015.07.20"]
[Round "8.54"]
[White "Havik, Victor"]
[Black "Papathanasiou, Elisavet"]
[Result "0-1"]
[WhiteElo "2139"]
[BlackElo "1951"]
[PlyCount "66"]
[EventDate "2015.07.13"]
[EventType "swiss"]
[EventRounds "9"]
[EventCountry "ESP"]
[SourceTitle "Ajedrez en Madrid"]
[Source "lmi"]
[SourceDate "2013.07.13"]
[SourceVersion "1"]
[SourceVersionDate "2019.06.24"]
[SourceQuality "1"]

1. d4 Nf6 2. c4 e6 3. Nc3 Bb4 4. e3 O-O 5. Bd3 c5 6. Nf3 Bxc3+ 7. bxc3 d6 8. e4
Nc6 9. e5 dxe5 10. dxe5 Ne8 11. Bxh7+ Kxh7 12. Ng5+ Kg8 13. Qc2 g6 14. Qe4 Nxe5
15. Qxe5 f6 16. Qxc5 fxg5 17. Bxg5 Qb6 18. Qd4 Qxd4 19. cxd4 Bd7 20. O-O Rc8
21. Rac1 Rf5 22. Be7 Ra5 23. a3 Ra4 24. Rb1 b6 25. c5 Kf7 26. Bg5 bxc5 27. dxc5
Rxc5 28. Be3 Rd5 29. Rb3 Nd6 30. h4 Nc4 31. Bg5 Rxa3 32. Rb8 Rad3 33. Ra8 a5
0-1

[Event "17. Obert Int. Sant Marti 2015"]
[Site "Barcelona ESP"]
[Date "2015.07.20"]
[Round "8.56"]
[White "Rodriguez, Sofia"]
[Black "Hapala, Elisabeth"]
[Result "1-0"]
[WhiteElo "1783"]
[BlackElo "2083"]
[PlyCount "55"]
[EventDate "2015.07.13"]
[EventType "swiss"]
[EventRounds "9"]
[EventCountry "ESP"]
[SourceTitle "Ajedrez en Madrid"]
[Source "lmi"]
[SourceDate "2013.07.13"]
[SourceVersion "1"]
[SourceVersionDate "2019.06.24"]
[SourceQuality "1"]

1. e4 c5 2. Nf3 e6 3. d4 cxd4 4. Nxd4 Nc6 5. Nc3 Qc7 6. Be2 a6 7. O-O Nf6 8.
Kh1 Bb4 9. Nxc6 Qxc6 10. e5 Bxc3 11. bxc3 Qxc3 12. exf6 Qxa1 13. Qd6 Qxf6 14.
Ba3 e5 15. Qc7 d5 16. Bf3 e4 17. Re1 Qe6 18. c4 f5 19. cxd5 Qd7 20. Bh5+ g6 21.
Qe5+ Kf7 22. Qxh8 gxh5 23. Qxh7+ Kf6 24. Bb2+ Kg5 25. h4+ Kxh4 26. Bf6+ Kg4 27.
Qg6+ Kf4 28. Qg3# 1-0

[Event "17. Obert Int. Sant Marti 2015"]
[Site "Barcelona ESP"]
[Date "2015.07.20"]
[Round "8.57"]
[White "Guix Torres, David"]
[Black "Cano Sevila, Ivan"]
[Result "1-0"]
[WhiteElo "2036"]
[BlackElo "1870"]
[PlyCount "75"]
[EventDate "2015.07.13"]
[EventType "swiss"]
[EventRounds "9"]
[EventCountry "ESP"]
[SourceTitle "Ajedrez en Madrid"]
[Source "lmi"]
[SourceDate "2013.07.13"]
[SourceVersion "1"]
[SourceVersionDate "2019.06.24"]
[SourceQuality "1"]

1. e4 c5 2. Nf3 g6 3. d4 cxd4 4. c3 Bg7 5. Bc4 Nf6 6. e5 Ng8 7. O-O d5 8. exd6
Qxd6 9. Qb3 e6 10. Nbd2 Nf6 11. Bb5+ Bd7 12. Nc4 Qc7 13. Qb4 Bf8 14. Qb3 a6 15.
Bxd7+ Nbxd7 16. cxd4 Bg7 17. Qxb7 Qxb7 18. Nd6+ Ke7 19. Nxb7 Rhb8 20. Na5 Rb5
21. Nc4 Nd5 22. b3 Kf8 23. Ba3+ Kg8 24. Rac1 Nf4 25. Rc2 Rc8 26. g3 Nd5 27. Rd1
Nb4 28. Re2 Rbb8 29. Bxb4 Rxb4 30. d5 exd5 31. Rxd5 Nb6 32. Nxb6 Rxb6 33. Re7
Rf6 34. Kg2 h5 35. Red7 Rc3 36. Rd8+ Kh7 37. Ng5+ Kh6 38. Ne4 1-0

[Event "17. Obert Int. Sant Marti 2015"]
[Site "Barcelona ESP"]
[Date "2015.07.20"]
[Round "8.58"]
[White "Uzumcu, Ahmet Utku"]
[Black "Anker, Christin"]
[Result "1-0"]
[WhiteElo "2032"]
[BlackElo "1849"]
[PlyCount "73"]
[EventDate "2015.07.13"]
[EventType "swiss"]
[EventRounds "9"]
[EventCountry "ESP"]
[SourceTitle "Ajedrez en Madrid"]
[Source "lmi"]
[SourceDate "2013.07.13"]
[SourceVersion "1"]
[SourceVersionDate "2019.06.24"]
[SourceQuality "1"]

1. e4 e5 2. Bc4 Bc5 3. d3 Nc6 4. Nf3 Nf6 5. c3 a6 6. Bb3 Ba7 7. h3 d5 8. Qe2
O-O 9. Nbd2 Be6 10. Bc2 Qe7 11. Nf1 Rad8 12. Ng3 dxe4 13. dxe4 b5 14. Bb3 Na5
15. O-O c5 16. Bxe6 Qxe6 17. Nf5 Nc4 18. a4 Rd7 19. Bg5 Qc6 20. b3 Nxe4 21.
bxc4 Nxg5 22. Nxg5 Qf6 23. Qg4 Rfd8 24. axb5 h5 25. Ne4 hxg4 26. Nxf6+ gxf6 27.
Rxa6 gxh3 28. gxh3 Kh7 29. Rxf6 Rg8+ 30. Kh1 Rg6 31. Rxg6 Kxg6 32. Ne3 Rd3 33.
Ra1 Bb8 34. Ra8 Bc7 35. Nd5 Bd6 36. Ra6 Rd1+ 37. Kg2 1-0

[Event "17. Obert Int. Sant Marti 2015"]
[Site "Barcelona ESP"]
[Date "2015.07.20"]
[Round "8.59"]
[White "Niklesh, Kumar Jain"]
[Black "Costa Trave, Jaume"]
[Result "1-0"]
[WhiteElo "1904"]
[BlackElo "2022"]
[PlyCount "95"]
[EventDate "2015.07.13"]
[EventType "swiss"]
[EventRounds "9"]
[EventCountry "ESP"]
[SourceTitle "Ajedrez en Madrid"]
[Source "lmi"]
[SourceDate "2013.07.13"]
[SourceVersion "1"]
[SourceVersionDate "2019.06.24"]
[SourceQuality "1"]

1. e4 c5 2. Nf3 e6 3. g3 a6 4. Bg2 b5 5. d4 cxd4 6. Nxd4 Bb7 7. O-O Qc7 8. Be3
Nf6 9. Nd2 Nc6 10. Rc1 Rc8 11. c4 b4 12. b3 d6 13. f4 Be7 14. Qe2 Nd7 15. f5 e5
16. Nc2 Nf6 17. h3 h6 18. Qd3 Nh7 19. Nf3 a5 20. Bf2 Nf6 21. Ne3 Nb8 22. Nd2
Na6 23. Nd5 Nxd5 24. exd5 Nc5 25. Qe2 Bg5 26. Rcd1 Ba6 27. Ne4 Nxe4 28. Qxe4
O-O 29. h4 Bf6 30. Be3 a4 31. Qg4 Kh7 32. Be4 Qd8 33. Qh5 Bxc4 34. bxc4 Rxc4
35. Bd3 Rc3 36. Qe2 e4 37. Bb1 b3 38. axb3 axb3 39. Kg2 b2 40. Rd2 Qa5 41. Bd4
Bxd4 42. Rxd4 Qa3 43. Qg4 Rc1 44. Rdd1 Re8 45. f6 g6 46. h5 Qe3 47. hxg6+ fxg6
48. Qd7+ 1-0

[Event "17. Obert Int. Sant Marti 2015"]
[Site "Barcelona ESP"]
[Date "2015.07.20"]
[Round "8.60"]
[White "Alfara Ayllon, Jose Luis"]
[Black "Kunal, Kakumanu Prasad"]
[Result "1/2-1/2"]
[WhiteElo "1964"]
[BlackElo "1713"]
[PlyCount "56"]
[EventDate "2015.07.13"]
[EventType "swiss"]
[EventRounds "9"]
[EventCountry "ESP"]
[SourceTitle "Ajedrez en Madrid"]
[Source "lmi"]
[SourceDate "2013.07.13"]
[SourceVersion "1"]
[SourceVersionDate "2019.06.24"]
[SourceQuality "1"]

1. e4 c5 2. Nf3 Nc6 3. d4 cxd4 4. Nxd4 g6 5. c4 Bg7 6. Be3 Nf6 7. Nc3 d6 8. Be2
O-O 9. O-O Bd7 10. Nb3 a5 11. a4 Nb4 12. f4 Bc6 13. Bf3 Nd7 14. Qe2 Qc7 15.
Rac1 Rfc8 16. Nb5 Bxb5 17. cxb5 Qd8 18. e5 d5 19. Qd2 e6 20. Nc5 Nxc5 21. Rxc5
Bf8 22. Rxc8 Rxc8 23. Rc1 Rc7 24. Be2 Qc8 25. Rxc7 Qxc7 26. Qc3 Qxc3 27. bxc3
Na2 28. Bd4 Ba3 1/2-1/2

[Event "17. Obert Int. Sant Marti 2015"]
[Site "Barcelona ESP"]
[Date "2015.07.20"]
[Round "8.61"]
[White "Cervello I Tost, Roger"]
[Black "Minguell Soler, Joan"]
[Result "0-1"]
[WhiteElo "1960"]
[BlackElo "1836"]
[PlyCount "60"]
[EventDate "2015.07.13"]
[EventType "swiss"]
[EventRounds "9"]
[EventCountry "ESP"]
[SourceTitle "Ajedrez en Madrid"]
[Source "lmi"]
[SourceDate "2013.07.13"]
[SourceVersion "1"]
[SourceVersionDate "2019.06.24"]
[SourceQuality "1"]

1. e4 e6 2. d4 d5 3. Nc3 Bb4 4. e5 c5 5. a3 Bxc3+ 6. bxc3 Qa5 7. Bd2 Qa4 8. Nf3
c4 9. g3 Nc6 10. Bh3 Bd7 11. O-O O-O-O 12. Nh4 Nge7 13. f4 Nf5 14. Nxf5 exf5
15. g4 Ne7 16. Rf2 Kb8 17. Be1 fxg4 18. Bxg4 Nf5 19. Qf3 Be6 20. Rg2 g6 21.
Bxf5 Bxf5 22. Qd1 Rc8 23. Qb1 Be4 24. Rf2 Qd7 25. Qb4 Rc6 26. Qa4 g5 27. f5
Bxf5 28. Rb1 Rhc8 29. Rg2 Qe6 30. Rxg5 Ra6 0-1

[Event "17. Obert Int. Sant Marti 2015"]
[Site "Barcelona ESP"]
[Date "2015.07.20"]
[Round "8.63"]
[White "Torrents Senal, Marc"]
[Black "Herms Agullo, Jordi"]
[Result "1/2-1/2"]
[WhiteElo "1824"]
[BlackElo "2075"]
[PlyCount "94"]
[EventDate "2015.07.13"]
[EventType "swiss"]
[EventRounds "9"]
[EventCountry "ESP"]
[SourceTitle "Ajedrez en Madrid"]
[Source "lmi"]
[SourceDate "2013.07.13"]
[SourceVersion "1"]
[SourceVersionDate "2019.06.24"]
[SourceQuality "1"]

1. d4 Nf6 2. c4 g6 3. Nc3 Bg7 4. e4 O-O 5. f4 d6 6. Nf3 c5 7. d5 b5 8. cxb5 a6
9. bxa6 Qa5 10. Nd2 Bxa6 11. Bxa6 Nxa6 12. O-O Nd7 13. Nc4 Qb4 14. Qd3 Nb6 15.
Nxb6 Qxb6 16. Qc4 Qb4 17. Qxb4 Nxb4 18. g3 Nc2 19. Rb1 Bd4+ 20. Kh1 Rfb8 21.
Bd2 Nb4 22. Rf3 Nxa2 23. Nd1 Nb4 24. Bxb4 Rxb4 25. Rd3 Bg7 26. Re3 Ra2 27. Re2
Rb3 28. Kg1 c4 29. Rc2 Bd4+ 30. Kf1 c3 31. Nxc3 Bxc3 32. Rxc3 Rxc3 33. bxc3
Rxh2 34. Rb7 Kf8 35. e5 dxe5 36. fxe5 Rd2 37. c4 Ke8 38. Rb8+ Kd7 39. Rf8 f5
40. exf6 exf6 41. Rxf6 Rc2 42. Rc6 g5 43. Rh6 Rxc4 44. Rxh7+ Kd6 45. Rg7 Kxd5
46. Rxg5+ Ke6 47. Kg2 Kf6 1/2-1/2

[Event "17. Obert Int. Sant Marti 2015"]
[Site "Barcelona ESP"]
[Date "2015.07.20"]
[Round "8.64"]
[White "Rojas Fernandez, Andres"]
[Black "Moreno Perez, Norberto"]
[Result "1-0"]
[WhiteElo "1946"]
[BlackElo "1853"]
[PlyCount "29"]
[EventDate "2015.07.13"]
[EventType "swiss"]
[EventRounds "9"]
[EventCountry "ESP"]
[SourceTitle "Ajedrez en Madrid"]
[Source "lmi"]
[SourceDate "2013.07.13"]
[SourceVersion "1"]
[SourceVersionDate "2019.06.24"]
[SourceQuality "1"]

1. e4 e5 2. Nf3 Nc6 3. Bb5 d6 4. O-O a6 5. Ba4 Bg4 6. c3 Nf6 7. Re1 Be7 8. d3
O-O 9. Nbd2 Qc8 10. Nf1 Nd8 11. h3 Bh5 12. Ng3 Bg6 13. Nh4 Ne6 14. Nhf5 Nf4 15.
Nxe7+ 1-0

[Event "17. Obert Int. Sant Marti 2015"]
[Site "Barcelona ESP"]
[Date "2015.07.20"]
[Round "8.65"]
[White "Egorova, Ayyyna"]
[Black "Dougas Chavarria, Nestor"]
[Result "0-1"]
[WhiteElo "1901"]
[BlackElo "1809"]
[PlyCount "62"]
[EventDate "2015.07.13"]
[EventType "swiss"]
[EventRounds "9"]
[EventCountry "ESP"]
[SourceTitle "Ajedrez en Madrid"]
[Source "lmi"]
[SourceDate "2013.07.13"]
[SourceVersion "1"]
[SourceVersionDate "2019.06.24"]
[SourceQuality "1"]

1. e4 c5 2. Nf3 d6 3. d4 cxd4 4. Qxd4 a6 5. c4 Nc6 6. Qd1 g6 7. Be2 Bg7 8. O-O
Nf6 9. Nc3 O-O 10. Bf4 Be6 11. Qd2 Rc8 12. Bh6 Ne5 13. Bxg7 Kxg7 14. b3 Nxf3+
15. Bxf3 Qa5 16. e5 dxe5 17. Bxb7 Rfd8 18. Qb2 Rb8 19. Bxa6 Qxa6 20. Nb5 Bd7
21. a4 Bxb5 22. axb5 Qd6 23. Ra6 Qd4 24. Qa3 Rd6 25. c5 Rd5 26. c6 Qc5 27. b4
Qxb5 28. Rc1 Qxb4 29. Qxb4 Rxb4 30. Ra8 Rc5 31. Raa1 Rbc4 0-1

[Event "17. Obert Int. Sant Marti 2015"]
[Site "Barcelona ESP"]
[Date "2015.07.20"]
[Round "8.66"]
[White "Perez Ruiz, Santiago"]
[Black "Boixader Arbo, Xavier"]
[Result "1/2-1/2"]
[WhiteElo "1885"]
[BlackElo "1755"]
[PlyCount "76"]
[EventDate "2015.07.13"]
[EventType "swiss"]
[EventRounds "9"]
[EventCountry "ESP"]
[SourceTitle "Ajedrez en Madrid"]
[Source "lmi"]
[SourceDate "2013.07.13"]
[SourceVersion "1"]
[SourceVersionDate "2019.06.24"]
[SourceQuality "1"]

1. d4 e6 2. c4 b6 3. Nf3 Bb7 4. a3 Nf6 5. Nc3 Be7 6. Bg5 Ne4 7. Bxe7 Qxe7 8. d5
Nxc3 9. bxc3 Na6 10. Qd4 O-O 11. e3 Nc5 12. Rb1 d6 13. Be2 e5 14. Qd1 f5 15.
O-O Qf6 16. Qc2 Rae8 17. a4 a5 18. Nd2 Bc8 19. Nb3 Nxb3 20. Qxb3 Kh8 21. Qb5
Bb7 22. Rfd1 Rd8 23. Rd2 e4 24. Rd4 f4 25. exf4 Qxf4 26. Rf1 Qe5 27. Qb1 Rde8
28. Qc1 Bc8 29. Qe3 Bd7 30. Bd1 Bf5 31. Bc2 Rf7 32. Re1 Rfe7 33. h3 h6 34. Bd1
Qf6 35. Bh5 Bg6 36. Bxg6 Qxg6 37. Kh2 Re5 38. Kg1 Qf5 1/2-1/2

[Event "17. Obert Int. Sant Marti 2015"]
[Site "Barcelona ESP"]
[Date "2015.07.20"]
[Round "8.68"]
[White "Ruiz Molina, Gabriel"]
[Black "De Azua Arpi, Rafael"]
[Result "1-0"]
[WhiteElo "1916"]
[BlackElo "1916"]
[PlyCount "141"]
[EventDate "2015.07.13"]
[EventType "swiss"]
[EventRounds "9"]
[EventCountry "ESP"]
[SourceTitle "Ajedrez en Madrid"]
[Source "lmi"]
[SourceDate "2013.07.13"]
[SourceVersion "1"]
[SourceVersionDate "2019.06.24"]
[SourceQuality "1"]

1. d4 d5 2. c4 c6 3. Nf3 Nf6 4. Nc3 dxc4 5. a4 Bf5 6. Ne5 e6 7. f3 Nbd7 8. e4
Bg6 9. Nxc4 Bb4 10. Be2 c5 11. Nd6+ Kf8 12. dxc5 Qc7 13. Qb3 Qxc5 14. Nc4 Qe7
15. O-O h6 16. Kh1 Kg8 17. Be3 Bc5 18. Bf4 e5 19. Bg3 Kh7 20. Bh4 Qe6 21. Rfd1
a6 22. Qc2 Rac8 23. Nd2 Bd4 24. Nb3 Ba7 25. Rd2 Nc5 26. Nxc5 Bxc5 27. Bxf6 gxf6
28. Qd1 Bd4 29. Nd5 f5 30. Nf4 Qf6 31. Nxg6 fxg6 32. f4 Rhd8 33. exf5 gxf5 34.
fxe5 Bxe5 35. Bd3 Kh8 36. Qf3 Rc7 37. Rf2 Rf7 38. Rb1 Rdf8 39. b3 Qd6 40. Bc4
Rg7 41. Rd1 Qc7 42. Qh5 Qc6 43. Bd5 Qf6 44. Rdf1 Rg5 45. Qh3 Bd4 46. Rxf5 Rxf5
47. Rxf5 Qg7 48. Qf3 Re8 49. Bc4 Re1+ 50. Bf1 Re8 51. h3 b6 52. Rf7 Qg6 53.
Bxa6 Bc5 54. Qf6+ Qxf6 55. Rxf6 Kg7 56. Rf1 Re4 57. Bc4 Re7 58. g3 Re3 59. Kg2
Bd6 60. Rf3 Rxf3 61. Kxf3 Kf6 62. g4 Ke5 63. Ke3 Bb4 64. Bf7 Bc5+ 65. Kd3 Kf4
66. Kc4 Kg3 67. Be6 Kf4 68. a5 Ke5 69. Bc8 Kd6 70. a6 Kc7 71. a7 1-0

[Event "17. Obert Int. Sant Marti 2015"]
[Site "Barcelona ESP"]
[Date "2015.07.20"]
[Round "8.69"]
[White "Riu Lopez, Daniel"]
[Black "Quero Ortega, Juan"]
[Result "1-0"]
[WhiteElo "1839"]
[BlackElo "1820"]
[PlyCount "107"]
[EventDate "2015.07.13"]
[EventType "swiss"]
[EventRounds "9"]
[EventCountry "ESP"]
[SourceTitle "Ajedrez en Madrid"]
[Source "lmi"]
[SourceDate "2013.07.13"]
[SourceVersion "1"]
[SourceVersionDate "2019.06.24"]
[SourceQuality "1"]

1. e4 e5 2. Nf3 Nc6 3. Bc4 h6 4. d4 d6 5. dxe5 Nxe5 6. Nxe5 dxe5 7. Bxf7+ Ke7
8. Qxd8+ Kxd8 9. O-O Ke7 10. Bc4 Be6 11. Bxe6 Kxe6 12. Be3 Nf6 13. f3 g5 14.
Nc3 c6 15. Ne2 Nh5 16. Ng3 Nxg3 17. hxg3 Be7 18. Rad1 b6 19. Rd2 Rhd8 20. Rfd1
Rxd2 21. Rxd2 Rf8 22. Kf2 Rf6 23. Rd1 Rg6 24. g4 Rg8 25. Rh1 Rg6 26. a4 Bd8 27.
a5 c5 28. axb6 axb6 29. Ra1 Kd7 30. Ra6 Kc6 31. g3 Kb7 32. Ra1 Bc7 33. Ke2 Rf6
34. Rf1 Kc6 35. c4 Rf8 36. Kd3 Rf6 37. Kc3 Rf8 38. b4 cxb4+ 39. Kxb4 Bd6+ 40.
Kc3 Ra8 41. Rb1 Bc7 42. Rh1 Ra3+ 43. Kd2 Ra2+ 44. Kd3 Ra3+ 45. Ke2 Ra2+ 46. Bd2
Kc5 47. Rxh6 Bd8 48. Kd3 Ra3+ 49. Bc3 b5 50. cxb5 Kxb5 51. Rd6 Bc7 52. Rd5+ Kc6
53. Kc4 Bd6 54. Rxd6+ 1-0

[Event "17. Obert Int. Sant Marti 2015"]
[Site "Barcelona ESP"]
[Date "2015.07.20"]
[Round "8.70"]
[White "Severri Arrese, Carlos"]
[Black "Arroyo Mateo, Jose Miguel"]
[Result "1-0"]
[WhiteElo "1983"]
[BlackElo "1937"]
[PlyCount "185"]
[EventDate "2015.07.13"]
[EventType "swiss"]
[EventRounds "9"]
[EventCountry "ESP"]
[SourceTitle "Ajedrez en Madrid"]
[Source "lmi"]
[SourceDate "2013.07.13"]
[SourceVersion "1"]
[SourceVersionDate "2019.06.24"]
[SourceQuality "1"]

1. e4 c5 2. b3 Nc6 3. Bb2 e5 4. Bc4 Nf6 5. Nc3 Be7 6. Nge2 O-O 7. Ng3 d6 8. O-O
Nd4 9. Nce2 b5 10. Nxd4 bxc4 11. Nc6 Qc7 12. Nxe7+ Qxe7 13. bxc4 Qb7 14. Rb1
Qa6 15. d3 Qxa2 16. f4 Rb8 17. Qc1 exf4 18. Rxf4 a5 19. Rf1 Ng4 20. h3 Ne5 21.
Bxe5 Rxb1 22. Qxb1 Qxb1 23. Rxb1 dxe5 24. Ra1 Be6 25. Rxa5 Rc8 26. Nf1 Kf8 27.
Nd2 Ke7 28. Nf3 f6 29. Nd2 Bd7 30. Nb3 Kd6 31. Ra7 Ke7 32. Kf2 Kd6 33. Ke3 g5
34. Na5 Ke7 35. Nb3 h5 36. Ra5 Kd6 37. Nc1 Rb8 38. Nb3 Rc8 39. Ra6+ Ke7 40. Na5
Rb8 41. Nb3 Rc8 42. Kd2 h4 43. Kc1 g4 44. hxg4 Bxg4 45. Na5 Bf3 46. Ra7+ Ke6
47. Rh7 Bxg2 48. Rxh4 Bf3 49. Kd2 Rc7 50. Rh8 Bg4 51. Nb3 Kd6 52. Rd8+ Bd7 53.
Kc1 Ra7 54. Rf8 Ke7 55. Rh8 Rc7 56. Nd2 Be8 57. Nb1 Bc6 58. Nc3 Ke6 59. Kd2 Rg7
60. Nd5 Rf7 61. Rc8 Bb7 62. Rxc5 f5 63. exf5+ Rxf5 64. Ne3 Rf2+ 65. Kc3 Rf3 66.
Kd2 Rf2+ 67. Ke1 Rh2 68. Rxe5+ Kxe5 69. Ng4+ Kd4 70. Nxh2 Kc3 71. Ke2 Kxc2 72.
Nf3 Kc3 73. Ke3 Ba6 74. Nd2 Bb7 75. Ne4+ Kb4 76. Kd4 Ka5 77. Kc5 Ka6 78. Kd6
Kb6 79. Nc5 Bf3 80. Nd7+ Kb7 81. Ne5 Be2 82. c5 Kc8 83. c6 Bf1 84. d4 Bg2 85.
d5 Be4 86. Nd7 Bf5 87. Nb6+ Kb8 88. c7+ Kb7 89. c8=Q+ Bxc8 90. Nxc8 Kxc8 91.
Ke7 Kc7 92. d6+ Kc6 93. d7 1-0

[Event "17. Obert Int. Sant Marti 2015"]
[Site "Barcelona ESP"]
[Date "2015.07.21"]
[Round "9.1"]
[White "Sundararajan, Kidambi"]
[Black "Manolache, Marius"]
[Result "1/2-1/2"]
[WhiteElo "2433"]
[BlackElo "2467"]
[PlyCount "68"]
[EventDate "2015.07.13"]
[EventType "swiss"]
[EventRounds "9"]
[EventCountry "ESP"]
[SourceTitle "Ajedrez en Madrid"]
[Source "lmi"]
[SourceDate "2013.07.13"]
[SourceVersion "1"]
[SourceVersionDate "2019.06.24"]
[SourceQuality "1"]

1. Nf3 d6 2. d4 g6 3. c4 Nf6 4. Nc3 Bg7 5. e4 O-O 6. Be2 Bg4 7. Be3 Nbd7 8. O-O
e5 9. d5 Qe7 10. Nd2 Bxe2 11. Qxe2 Nh5 12. Qd1 Rfc8 13. b4 Nf4 14. Nb3 b6 15.
g3 Nh5 16. Rc1 Nhf6 17. Qf3 h5 18. c5 Ng4 19. c6 Nf8 20. Bd2 Nh7 21. h3 Nh6 22.
a4 Rf8 23. a5 bxa5 24. Nxa5 f5 25. exf5 Nxf5 26. Qd3 Rab8 27. Ne4 Nd4 28. Nc4
Rf3 29. Be3 Qf7 30. Ncxd6 Qxd5 31. Qc4 Qxc4 32. Rxc4 a6 33. Nb7 Nxc6 34. Rxc6
Rxb7 1/2-1/2

[Event "17. Obert Int. Sant Marti 2015"]
[Site "Barcelona ESP"]
[Date "2015.07.21"]
[Round "9.2"]
[White "Grigoryan, Karen H."]
[Black "Gagare, Shardul"]
[Result "1-0"]
[WhiteElo "2580"]
[BlackElo "2425"]
[PlyCount "63"]
[EventDate "2015.07.13"]
[EventType "swiss"]
[EventRounds "9"]
[EventCountry "ESP"]
[SourceTitle "Ajedrez en Madrid"]
[Source "lmi"]
[SourceDate "2013.07.13"]
[SourceVersion "1"]
[SourceVersionDate "2019.06.24"]
[SourceQuality "1"]

1. e4 c6 2. d4 d5 3. e5 Bf5 4. h4 h5 5. c4 e6 6. Nc3 Ne7 7. Bg5 Qb6 8. Qd2 Nd7
9. Nf3 Qa5 10. a3 dxc4 11. Bxc4 Nb6 12. Be2 Ned5 13. O-O Nxc3 14. bxc3 Nd5 15.
Qb2 Qb6 16. Qc1 Be7 17. c4 Bxg5 18. Nxg5 Ne7 19. Qc3 Bg6 20. Bd3 Bxd3 21. Qxd3
Rd8 22. Rab1 Qc7 23. Rfd1 Nf5 24. Qe4 Qd7 25. Qf3 Nxh4 26. Qh3 Nf5 27. d5 cxd5
28. cxd5 Qa4 29. Qf3 Qh4 30. dxe6 Rxd1+ 31. Rxd1 fxe6 32. Nxe6 1-0

[Event "17. Obert Int. Sant Marti 2015"]
[Site "Barcelona ESP"]
[Date "2015.07.21"]
[Round "9.3"]
[White "Burmakin, Vladimir"]
[Black "Harutyunian, Tigran K."]
[Result "1-0"]
[WhiteElo "2571"]
[BlackElo "2472"]
[PlyCount "103"]
[EventDate "2015.07.13"]
[EventType "swiss"]
[EventRounds "9"]
[EventCountry "ESP"]
[SourceTitle "Ajedrez en Madrid"]
[Source "lmi"]
[SourceDate "2013.07.13"]
[SourceVersion "1"]
[SourceVersionDate "2019.06.24"]
[SourceQuality "1"]

1. Nf3 Nf6 2. g3 b6 3. Bg2 Bb7 4. d4 c5 5. e3 e6 6. O-O Be7 7. c4 cxd4 8. exd4
d5 9. Ne5 O-O 10. Nc3 Nc6 11. Be3 Rc8 12. cxd5 Nxd5 13. Nxd5 exd5 14. Qa4 Bd6
15. Nxc6 Bxc6 16. Qb3 a5 17. Rfc1 a4 18. Qd1 Qd7 19. Qh5 f5 20. Rc3 Bb7 21.
Rxc8 Rxc8 22. Bh3 Rf8 23. Rc1 Ba6 24. Qd1 Qe8 25. Qf3 Bb7 26. Bf4 Bxf4 27. Qxf4
Qe2 28. Bf1 Qe4 29. Rc7 Qxf4 30. gxf4 Rf7 31. Rxf7 Kxf7 32. Bb5 a3 33. bxa3 h6
34. h4 Kg6 35. Kg2 Kf6 36. Kf3 Kg6 37. Be8+ Kf6 38. a4 Ba6 39. Bb5 Bb7 40. Ke3
Kg6 41. Be8+ Kf6 42. Kd2 Ba6 43. Bb5 Bb7 44. Kc3 g5 45. hxg5+ hxg5 46. Kb4 gxf4
47. a5 bxa5+ 48. Kxa5 Kg5 49. Kb6 Ba8 50. Ka7 Kg4 51. Kxa8 Kf3 52. a4 1-0

[Event "17. Obert Int. Sant Marti 2015"]
[Site "Barcelona ESP"]
[Date "2015.07.21"]
[Round "9.4"]
[White "Petrosyan, Tigran S."]
[Black "Oratovsky, Michael"]
[Result "1-0"]
[WhiteElo "2441"]
[BlackElo "2490"]
[PlyCount "69"]
[EventDate "2015.07.13"]
[EventType "swiss"]
[EventRounds "9"]
[EventCountry "ESP"]
[SourceTitle "Ajedrez en Madrid"]
[Source "lmi"]
[SourceDate "2013.07.13"]
[SourceVersion "1"]
[SourceVersionDate "2019.06.24"]
[SourceQuality "1"]

1. Nf3 d6 2. d4 g6 3. c4 Bg7 4. Nc3 Nd7 5. g3 Ngf6 6. Bg2 O-O 7. O-O e5 8. e4
c6 9. h3 Qa5 10. Re1 exd4 11. Nxd4 Ne5 12. Bf1 Re8 13. Be3 Be6 14. Nxe6 Rxe6
15. Kg2 Rae8 16. c5 dxc5 17. f4 Rd8 18. Qc2 Ned7 19. Red1 Ree8 20. e5 Bf8 21.
Bd2 Qc7 22. exf6 Nxf6 23. Be1 Nd5 24. Bf2 b6 25. a3 Bg7 26. Re1 h5 27. h4 Qc8
28. Rad1 Rxe1 29. Rxe1 Qg4 30. Nxd5 cxd5 31. b3 Bf6 32. a4 Kg7 33. Rd1 Re8 34.
Rxd5 Bxh4 35. Qd1 1-0

[Event "17. Obert Int. Sant Marti 2015"]
[Site "Barcelona ESP"]
[Date "2015.07.21"]
[Round "9.5"]
[White "Diermair, Andreas"]
[Black "Kanmazalp, Ogulcan"]
[Result "1/2-1/2"]
[WhiteElo "2485"]
[BlackElo "2468"]
[PlyCount "84"]
[EventDate "2015.07.13"]
[EventType "swiss"]
[EventRounds "9"]
[EventCountry "ESP"]
[SourceTitle "Ajedrez en Madrid"]
[Source "lmi"]
[SourceDate "2013.07.13"]
[SourceVersion "1"]
[SourceVersionDate "2019.06.24"]
[SourceQuality "1"]

1. c4 c5 2. Nf3 Nc6 3. Nc3 g6 4. e3 Nf6 5. d4 cxd4 6. exd4 d5 7. cxd5 Nxd5 8.
Qb3 Nxc3 9. Bc4 Nd5 10. Bxd5 e6 11. Bxc6+ bxc6 12. O-O Be7 13. Be3 Qd5 14. Rfc1
f6 15. Nd2 Kf7 16. f3 a5 17. Qc2 Bd7 18. Ne4 Rhb8 19. Nc5 Bc8 20. b3 Bxc5 21.
dxc5 Qf5 22. Qc3 e5 23. Rf1 g5 24. Rad1 Be6 25. Rd6 Bd5 26. Qd2 h5 27. Bf2 a4
28. b4 h4 29. b5 Bc4 30. Rd7+ Kg6 31. Rc1 Bxb5 32. Qd6 Re8 33. Qc7 Rac8 34.
Rg7+ Kh5 35. Qb7 Rb8 36. Qc7 Rbc8 37. Qb7 Rcd8 38. g4+ hxg3 39. hxg3 Rb8 40.
Qc7 Rbc8 41. Qb7 Rb8 42. Qc7 Rbc8 1/2-1/2

[Event "17. Obert Int. Sant Marti 2015"]
[Site "Barcelona ESP"]
[Date "2015.07.21"]
[Round "9.6"]
[White "Cruz, Jonathan"]
[Black "Alsina Leal, Daniel"]
[Result "0-1"]
[WhiteElo "2453"]
[BlackElo "2531"]
[PlyCount "146"]
[EventDate "2015.07.13"]
[EventType "swiss"]
[EventRounds "9"]
[EventCountry "ESP"]
[SourceTitle "Ajedrez en Madrid"]
[Source "lmi"]
[SourceDate "2013.07.13"]
[SourceVersion "1"]
[SourceVersionDate "2019.06.24"]
[SourceQuality "1"]

1. c4 c6 2. Nf3 d5 3. e3 Nf6 4. b3 e6 5. Bb2 Bd6 6. Qc2 O-O 7. Bd3 Nbd7 8. Nc3
e5 9. cxd5 cxd5 10. Nb5 Bb8 11. Ng5 e4 12. Be2 h6 13. Nh3 a6 14. Nd4 Ne5 15. f4
exf3 16. Nxf3 Nxf3+ 17. Bxf3 Qe7 18. Nf2 Be5 19. O-O Bd7 20. Bxe5 Qxe5 21. Nd3
Qg5 22. Nf4 Rac8 23. Qb2 Bg4 24. Qd4 Bxf3 25. Rxf3 Rfe8 26. Raf1 Qe5 27. Qb4
Qe7 28. Qd4 Qe5 29. Qb4 Qe7 30. Qd4 Qc5 31. Qa1 Re4 32. Rg3 d4 33. Kh1 Qd6 34.
Ne2 Rh4 35. d3 Nh5 36. Qe1 Nxg3+ 37. Nxg3 dxe3 38. Qxe3 Rd8 39. h3 Qxd3 40. Qe7
Rhd4 41. Qxf7+ Kh8 42. Rf3 Qb1+ 43. Kh2 R4d7 44. Qh5 Qb2 45. Qg4 Rd2 46. Nf1
Qe5+ 47. Ng3 R2d4 48. Qg6 Rf4 49. Qb6 Qf6 50. Qxd8+ Qxd8 51. Rxf4 Qd6 52. Rf3
b5 53. Kh1 Qd1+ 54. Kh2 Kg8 55. Nf5 Qd7 56. b4 h5 57. h4 Qc7+ 58. Kh3 Qc4 59.
a3 Qg4+ 60. Kh2 Kh7 61. Kg1 g6 62. Ne7 Qe6 63. Nxg6 Qe1+ 64. Kh2 Kxg6 65. Kh3
Qe4 66. Rg3+ Kf6 67. Rg5 Qe3+ 68. Rg3 Qe6+ 69. Kh2 Qe1 70. Rf3+ Ke5 71. Kh3 Ke4
72. Rb3 Qd1 73. Rf3 Qxf3+ 0-1